| 000 | 00423ntaaa2200181 4500 | ||
|---|---|---|---|
| 003 | 01 | ||
| 005 | 20251027201439.0 | ||
| 008 | 0714s1973 ag 01 | ||
| 040 |
_aAR-BaBN _bspa _cAR-BaBN _eaacr _dRIC |
||
| 082 | _a226.1000 W537 | ||
| 100 |
_aWestphal, Alejandro _913070 |
||
| 245 | _aJesús de Nazaret | ||
| 250 | _a1 ed. | ||
| 260 |
_as.l., _cn.f. |
||
| 650 | _aBiblia-N.T.-Evangelios | ||
| 650 | _aJesucristo | ||
| 942 | _cBK | ||
| 999 |
_c8983 _d8983 |
||